Gaming Quiz

Random Gaming or Card Games Quiz

Hearthstone Abilities Quiz Stats

 Plays Quiz Updated May 4, 2018

Challenge
Share
Tweet
Embed
Score 0/28 Timer 04:00
1 Play Today
Abilities % Correct
Battlecry
91.9%
Deathrattle
90.4%
Taunt
85.2%
Rush
84%
Charge
79.7%
Divine Shield
71.1%
Windfury
64.3%
Lifesteal
60.3%
Inspire
57%
Poisonous
56.3%
Stealth
54%
Discover
51.2%
Echo
46.1%
Adapt
43.4%
Abilities % Correct
Enrage
42.5%
Spell Damage
42.2%
Choose One
40.8%
Combo
39.9%
Summon
37.3%
Freeze
36.5%
Overload
34.2%
Silence
32.5%
Secret
30.7%
Immune
25.4%
Mega-Windfury
25.1%
Quest
19.9%
Choose Twice
16.5%
Counter
14.8%

You're not logged in!

Compare scores with friends on all Sporcle quizzes.
OR
Log In

You Might Also Like...

Show Comments

Extras

Top Quizzes Today


Score Distribution

Your Account Isn't Verified!

In order to create a playlist on Sporcle, you need to verify the email address you used during registration. Go to your Sporcle Settings to finish the process.

Report this User

Report this user for behavior that violates our Community Guidelines.

Details: